000 00925cam a2200145 4500500
005 20260329023211.0
041 _afre
042 _adc
100 1 0 _aFerréol, Gilles
_eauthor
700 1 0 _aNoreck, Jean-Pierre
_eauthor
245 0 0 _aIntroduction à la sociologie
260 _bArmand Colin,
_c2010.
520 _a1. Les pères fondateurs2. La connaissance du social 3. Stratifications et hiérarchies sociales4. Institution familiale et processus de socialisation5. Éducation et inégalités 6. Culture et styles de vie 7. Travail et emploi 8. Organisations et pouvoir Cet essai est un coup de maître. Difficile de donner en aussi peu de pages un aperçu si pertinent des différents aspects de la discipline. Beaucoup d’exemples, et une exposition nerveuse et stimulante.La Recherche
856 4 1 _uhttps://shs.cairn.info/introduction-a-la-sociologie--9782200249175?lang=fr&redirect-ssocas=7080
999 _c1925455
_d1925455